O původu kultury : Biologické, antropologické a historické koncepce kulturní evoluce /

Salvato in:
Dettagli Bibliografici
Autori principali: Ovčáčková, Lenka (Autore, Redattore), Čermáková, Lucie (Autore), Duda, Pavel (Autore)
Natura: Libro
Lingua:ceco
Pubblicazione: Praha : Academia, 2017
Edizione:1. vydanie
Soggetti:
Tags: Aggiungi Tag
Nessun Tag, puoi essere il primo ad aggiungerne!!

MARC

LEADER 00000nam a22000003a 4500
001 0090811
003 SK-STU
005 20211011115842.3
007 ta
008 211011s ----xo-----e------000-0-----d
020 |a 978-80-200-2751-1 
040 |a STU  |b slo 
041 0 |a cze 
044 |a xr 
100 1 |a Ovčáčková, Lenka  |4 edt  |4 aut 
245 1 0 |a O původu kultury :  |b Biologické, antropologické a historické koncepce kulturní evoluce /  |c ed. Lenka Ovčáčková, Lucie Čermáková, Pavel Duda 
250 |a 1. vydanie 
260 |a Praha :  |b Academia,  |c 2017 
300 |a 439 s. 
650 0 7 |a kultúrna evolúcia 
650 0 7 |a antropológia 
650 0 7 |a archeológia 
650 0 7 |a veda a kultúra 
650 0 7 |a adaptácia 
650 0 7 |a ekológia 
700 1 |a Čermáková, Lucie  |4 aut 
700 1 |a Duda, Pavel  |4 aut 
996 |b 284AU09106  |c A* 12388/U  |l AA5150  |s P  |a 0  |w 0090811_0001